Νισυριακά : η Νίσυρος των αναμνήσεων μέσα από το φωτογραφικό φακό
Saved in:
| Corporate Author: | |
|---|---|
| Format: | Book |
| Language: | Greek |
| Published: |
Αθήνα :
Εταιρεία Νισυριακών Μελετών,
2004
|
| Subjects: | |
| Tags: |
Add Tag
No Tags, Be the first to tag this record!
|
MARC
| LEADER | 00000cam a2200000 i 4500 | ||
|---|---|---|---|
| 001 | 1/40049 | ||
| 008 | 070116s2004 gre d | ||
| 020 | |a 960-88251-0-5 | ||
| 035 | |l 10086738 | ||
| 040 | |a GR-MY-UA |b gre |e aacr | ||
| 041 | 0 | |a gre | |
| 082 | 0 | |a 938.00949587 |2 (22) | |
| 110 | 2 | |a Εταιρεία Νισυριακών Μελετών. | |
| 245 | 1 | 0 | |a Νισυριακά : |b η Νίσυρος των αναμνήσεων μέσα από το φωτογραφικό φακό / |c Εταιρεία Νισυριακών Μελετών |
| 260 | |a Αθήνα : |b Εταιρεία Νισυριακών Μελετών, |c 2004 | ||
| 300 | |a 334 σ.; |b φωτ.; |c 21 εκ. | ||
| 500 | |a Τόμος 15ος | ||
| 651 | 0 | |a Nisyros (Greece) |x History |x Pictorial works. | |
| 651 | 0 | |a Nisyros (Greece) |x Social life and customs |x Pictorial works. | |
| 852 | |a INST |b CHIOS |e 20070116 |h 938.00949587 ΕΤΑ |p 005200029116 |q 005200029116 |t BK |y 0 | ||
| 901 | |a BIBL2-2007-1 | ||
| 909 | |a Χ |b 130863 | ||
| 970 | |a ΒΑΣΙΛΑΚΗ |b ΝΙΚΗ |z 2007/01/16 | ||